Serial Killers by Description - Statistics

General Stats
  • This quiz has been taken 1,403 times
  • The average score is 7 of 16
Answer Stats
Hint Answer % Correct
Murdered over 30 women across the U.S. Ted Bundy
89%
Known as the Milwaukee Cannibal Jeffrey Dahmer
86%
Killed over 33 boys and men, 'Pogo the Clown' John Wayne Gacy
78%
Cult leader at Spahn Ranch in California Charles Manson
66%
Known as the 'Night Stalker' in 1980's California Richard Ramirez
61%
Body snatcher who made clothes out of skin and bones Ed Gein
57%
Known as the 'BTK Killer' Dennis Rader
42%
Murdered his grandparents and mother, known as the 'Co-ed Killer' Edmund Kemper
37%
Known as the 'Son of Sam' David Berkowitz
36%
Former prostitute who murdered men in Florida Aileen Wuornos
31%
Known as the 'Green River Killer' Gary Ridgway
30%
Soviet murderer known as the 'Butcher of Rostov' Andrei Chikatilo
16%
Murdered people with her ex-husband, 'Barbie' Karla Homolka
16%
Murdered people with his ex-wife, 'Ken' Paul Bernardo
15%
Canadian serial killer who murdered people on his pig farm Robert Pickton
13%
Murdered her ex-boyfriend in Arizona Jodi Arias
12%
No matching quizzes found
Score Distribution
Percent of People with Each Score
Percentile by Number Answered
Your Score History
You have not taken this quiz